MDQL
is popping MORE tags! Check the
thread
!
Quizzes
Events
Quiz Creation
Community
Videos
Private Events
Remove Ads
Sign In
Join for FREE
Feedback
Dark Mode
Quiz Categories
Sports
Geography
Music
Movies
Television
Just For Fun
Miscellaneous
History
Literature
Language
Science
Gaming
Entertainment
Religion
Holiday
For Kids
Quiz Lab
Recent
Popular Today
Quiz Kudos Today
Editor Picks
Curator Picks
Quizzes by...
Day
Popularity
Type
Ratings
Length
Year
Community
Subscriptions
Recent Discussions
Orange Saloon
Badges
Playlists
Quests
Create
Leaderboards
Showdown
Live 5
Trivia Bingo
Activity
Puzzle Library
Sporcle Events
Private Events
Virtual Trivia
Globe League
Become a Host
Pub Owners
SporcleCon
Opinionation
Our Games
Videos
Blog
Mobile Apps
Partnerships
Remove Ads and Go Orange
Feedback
Entertainment
Celebrity
Famous
Musical
Broadway
Show
Quote
Comic Books
Anime
Superhero
DC Comics
Marvel
Cartoons
Animation
Entertainment
Celebrity
Famous
Musical
Broadway
Show
Quote
Comic Books
Anime
Superhero
DC Comics
Marvel
Cartoons
Animation
Random Quiz
Search Sporcle
×
Quiz Lab
Quiz Lab
Entertainment
Celebrity
Type in answers that appear in a list
Type in answers that appear in a list
Classic
Best Score? Go Orange.
Will the real ______ stand up? Stats
Can you name the Celebrity real names?
By
lilceria
5m
21 Questions
313 Plays
313 Plays
313 Plays
Comments
Comments
Give Quiz Kudos
Give Quiz Kudos
-
- Ratings
hide this ad
Replay
Link that replays current quiz
Next Quiz
Link to next quiz in quiz playlist
You Got
0%
They Got
Avg Score
21%
Avg Friend Score
Upgrade to see
Score Distribution
Jump to the score distribution portion of the page
Score
0/21
Timer
05:00
0
Plays Today
birth name of celebrities past and prese
% Correct
Destiny Hope Cyrus
Miley Cyrus
89.5%
Alecia Moore
Pink
47.6%
Alicia Augello-
Cook
Alicia Keys
42.2%
Stefani Germanotta
Lady Gaga
39.9%
Ramon Antonio Gerard Estevez
Martin Sheen
39.3%
Cheryl Sarkisian LaPiere
Cher
36.7%
Demetria Guynes
Demi Moore
27.2%
Dana Owens
Queen Latifah
17.6%
Caryn Johnson
Whoopi Goldberg
16.3%
Issur Danielovitch Demsky
Kirk Douglas
15.3%
Brian Warner
Marilyn Manson
14.1%
birth name of celebrities past and prese
% Correct
James Todd Smith
LL Cool J
13.1%
Chaim Witz
Gene Simmons
12.1%
Jo Raquel Tejada
Raquel Welch
11.5%
Michael Douglas
Michael Keaton
10.5%
Eric Marlon Bishop
Jamie Foxx
8%
Sofia Villani Scicolone
Sophia Loren
6.4%
Dante Terrell Smith
Mos Def
3.5%
Lonnie Rashid Lynn
Common
3.2%
Robert Bartleh Cummings
Rob Zombie
2.9%
Amos Alphonsus Muzyad Yakhoob
Danny Thomas
2.6%
Quiz Playlist
Details
Report
Send in Message
Add To Playlist
Classic:
Type in answers that appear in a list
Last Updated: Feb 16, 2017
Quiz Scoreboard
CHALLENGE
Sign Up to Join the Scoreboard
Show All
Scores
Hide
Comments
May contain spoilers
Recently Published
5x2 Blitz: Bands
by SL_Kpop136
Music
30s
Colored Red Africa Blitz
by spor1
Geography
30s
Find the 'City' Movie
by crazypaving
Movies
60s
More to Explore
Quiz From the Vault
Featured Blog Post
14 Easter Pick-up Lines to Find Eggs With
hide this ad
You Might Also Like...
Tags
Celebrity Quiz
birth
past
stand
Today's Top Quizzes in Entertainment
Browse Entertainment
hide this ad
Today's Top Quizzes in Celebrity
Browse Celebrity
Top Contributed Quizzes in Entertainment
1
Dragon Ball Z: Goku's Fights in Order
2
Marvel Classic Character Map
3
Marvel Characters Bunker
4
BOYS PLANET Quiz
5
Celebrity Spelling Bee
6
This is Your Life: Edward Elric
7
Survivor Winners Logic Quiz
8
This is Your Life: Itachi Uchiha
9
Dragon Ball Z: Immortal Characters
10
One Piece Heroines Chapter Cover
Explore More
Trending Topics
Kpop
Anime
Disney
Marvel
NBA
Harry Potter
Crossword
Pokémon
NFL
Song
Soccer
WWE
Country
Puzzle
The Office
hide this ad
More By:
lilceria
Quiz
Plays
Rating
Category
Featured
Created
Will the real ______ stand up?
313
2.67
Entertainment
May 6, 2010
Go to Creator's Profile
Score Distribution
Quiz Creator Spotlight
lilceria
Follow
Send a Message
Quizzes Created
-
Created Quiz Play Count
-
More By This Creator
Popular Quizzes Today
1
Colored Red Africa Blitz
2
Find the 'City' Movie
3
Find the US States - No Outlines Minefield
4
5x2 Blitz: Bands
5
The Countries of the World
6
Find the US States
7
US States
8
9x9 Crossword: Cartoon Network
More Entertainment Quizzes
When They Were Young
Published
Trending Quizzes
Colored Red Europe Blitz I
Colored Red Europe Blitz II
Colored Red Africa Blitz II
Colored Red Europe Blitz III
Colored Red Africa Blitz III
Recently Updated
How Do You Spell That?
pecheneg
Godzilla Movies
pecheneg
Grab Bag: 4-10 Letters
pecheneg
2024 March Madness Bracket
pecheneg
Famous TV Couples
Peacemaker
Champions League XIs: Real Madrid
pecheneg
Largest US Cities 1790-2010
pecheneg
Rides in Walt Disney World
pecheneg
Most Oscar Losses (Acting)
pecheneg
Beyoncé Albums
pecheneg
Trending Topics
Marvel
Anime
NBA
Crossword
Harry Potter
Disney
Kpop
Pokémon
Soccer
NFL
Song
Puzzle
WWE
Country
The Office
Your Account Isn't Verified!
In order to create a playlist on Sporcle, you need to verify the email address you used during registration. Go to your
Sporcle Settings
to finish the process.
Report this User
Report this user for behavior that violates our
Community Guidelines
.
Details:
Send Report
Go to the Sporcle.com Mobile Site →
Comments